000 00587nam a2200181 a 4500
008 120416s1978 ||||||||||||||||| || u
020 _a0091331110
050 _aHM 51 Eli
100 _aMennell, S
245 1 0 _aWhat is sociology
_ctranslated by S. Mennell
260 _aLondon
_bHutchison & Co
_c1978
300 _a187p. : ill
350 _a0.00
650 0 _aSOCIOLOGY
700 _aElias, Norbert
700 _aMorrisey, G
995 _D0.00
_FCBU-MAIN LIBRARY (Kitwe)
_H1
_I2.95
_M1
_UAVAILABLE
_ZMain Library Open Access Collection
999 _c61650
_d61650